Электропривод: справочник

Detalles Bibliográficos
Autor principal: Кисаримов Р. А. Рудольф Александрович
Sumario:В справочнике приведены основные понятия об электроприводе с асинхронным двигателем и о его регулировании, характеристиках асинхронного двигателя и его выборе. Описано устройство электрических аппаратов управления и защиты, даны понятия об. элементах и устройствах, применяемых в системах управления электропривода — полупроводниковых приборах и интегральных схемах, в том числе устройствах цифровой и аналоговой техники. Приведены электрические схемы взаимодействия элементов и устройств электропривода. Книга предназначена для электриков, работа которых связана с монтажом, наладкой и обслуживанием электропривода, для учащихся и для всех интересующихся данным предметом.
Lenguaje:ruso
Publicado: Москва, РадиоСофт, 2011
Materias:
Formato: MixedMaterials Libro
KOHA link:https://koha.lib.tpu.ru/cgi-bin/koha/opac-detail.pl?biblionumber=191382

MARC

LEADER 00000nam0a2200000 4500
001 191382
005 20231101224341.0
010 |a 9785930371765 
035 |a (RuTPU)RU\TPU\book\208683 
035 |a RU\TPU\book\147277 
090 |a 191382 
100 |a 20080416d2011 km y0rusy50 ca 
101 0 |a rus 
102 |a RU 
105 |a a g 001zy 
200 1 |a Электропривод   |e справочник  |f Р. А. Кисаримов 
210 |a Москва  |c РадиоСофт  |d 2011 
215 |a 352 с.  |c ил. 
320 |a Литература: с. 350. 
330 |a В справочнике приведены основные понятия об электроприводе с асинхронным двигателем и о его регулировании, характеристиках асинхронного двигателя и его выборе. Описано устройство электрических аппаратов управления и защиты, даны понятия об. элементах и устройствах, применяемых в системах управления электропривода — полупроводниковых приборах и интегральных схемах, в том числе устройствах цифровой и аналоговой техники. Приведены электрические схемы взаимодействия элементов и устройств электропривода. Книга предназначена для электриков, работа которых связана с монтажом, наладкой и обслуживанием электропривода, для учащихся и для всех интересующихся данным предметом. 
606 1 |a Электроприводы  |2 stltpush  |3 (RuTPU)RU\TPU\subj\20689  |9 45775 
610 1 |a термины 
610 1 |a формулы 
610 1 |a условные обозначения 
610 1 |a асинхронные электродвигатели 
610 1 |a технические данные 
610 1 |a характеристика 
610 1 |a электрические аппараты 
610 1 |a схемы управления 
610 1 |a электрические схемы 
610 1 |a автоматизированный электропривод 
610 1 |a устройство 
610 1 |a элементы 
610 1 |a справочники 
675 |a 62-83(035)  |v 3 
700 1 |a Кисаримов  |b Р. А.  |g Рудольф Александрович 
801 1 |a RU  |b 63413507  |c 20110204 
801 2 |a RU  |b 63413507  |c 20110606  |g RCR 
900 |a Электропривод 
942 |c BK 
959 |a 20/20110204  |d 1  |e 130,00  |f ЧЗТЛ:1